书目信息 |
| 题名: |
Swift人工智能实战
|
|
| 作者: | 吉尔达德 , 曼宁 , Buttfield-Addison, , 纽金特 著 ;邓奕 , 朱雪晴 译 | |
| 分册: | ||
| 出版信息: | 北京 机械工业出版社 2021.03 |
|
| 页数: | 404页 | |
| 开本: | 24cm | |
| 丛书名: | O'Reilly精品图书系列 | |
| 单 册: | ||
| 中图分类: | TP18 | |
| 科图分类: | ||
| 主题词: | 人工智能--ren gong zhi neng--程序设计 | |
| 电子资源: | ||
| ISBN: | 978-7-111-67538-9 | |
| 000 | 01844nam 2200421 450 | |
| 001 | 202021190527 | |
| 005 | 20211025120124.0 | |
| 010 | @a978-7-111-67538-9@dCNY139.00 | |
| 092 | @aCN@bRt969-0761 | |
| 100 | @a20210919d2021 em y0chiy50 ea | |
| 101 | 1 | @achi@ceng |
| 102 | @aCN@b110000 | |
| 105 | @aa z 000yy | |
| 106 | @ar | |
| 200 | 1 | @aSwift人工智能实战@ASwift ren gong zhi neng shi zhan@e从基础理论到AI驱动的应用程序开发@f(澳) Mars Geldard ... [等] 著@g邓奕, 朱雪晴译 |
| 210 | @a北京@c机械工业出版社@d2021.03 | |
| 215 | @a404页@c图@d24cm | |
| 225 | 2 | @aO'Reilly精品图书系列@AO'Reilly jing pin tu shu xi lie |
| 304 | @a题名页题其余责任者: Jonathon Manning, Paris Buttfield-Addison, Tim Nugent | |
| 305 | @a华章IT | |
| 306 | @a由O'Reilly Media, Inc.授权出版 | |
| 312 | @a原文题名取自封面 | |
| 314 | @aGeldard规范汉译姓: 吉尔达德 Manning规范汉译姓: 曼宁 Nugent规范汉译姓: 纽金特 | |
| 330 | @a本书探索基于Swift的AI和机器学习技术, 并讨论了AI驱动功能用在哪些场景下以及如何才有意义。书中使用了诸如基于Python的TuriCreate (来自苹果公司) 和Swift for TensorFlow (来自谷歌) 等工具。 | |
| 410 | 0 | @12001 @aO'Reilly精品图书系列 |
| 500 | 10 | @aPractical artificial intelligence with Swift : from fundamental theory to development of AI-driven apps@mChinese |
| 517 | 1 | @a从基础理论到AI驱动的应用程序开发@Acong ji chu li lun dao AI qu dong de ying yong cheng xu kai fa |
| 606 | 0 | @a人工智能@Aren gong zhi neng@x程序设计 |
| 690 | @aTP18@v5 | |
| 701 | 1 | @a吉尔达德@Aji er da de@g(Geldard, Mars)@4著 |
| 701 | 1 | @a曼宁@Aman ning@g(Manning, Jonathon)@4著 |
| 701 | 1 | @aButtfield-Addison,@bParis@4著 |
| 701 | 1 | @a纽金特@Aniu jin te@g(Nugent, Tim)@4著 |
| 702 | 0 | @a邓奕@Adeng yi@4译 |
| 702 | 0 | @a朱雪晴@Azhu xue qing@4译 |
| 801 | 0 | @aCN@c20210909 |
| 905 | @a河南城建学院图书馆@dTP18@eJ062 | |
| 961 | @a5369659 | |
| Swift人工智能实战:从基础理论到AI驱动的应用程序开发/(澳) Mars Geldard ... [等] 著/邓奕, 朱雪晴译.-北京:机械工业出版社,2021.03 |
| 404页:图;24cm.-(O'Reilly精品图书系列) |
| ISBN 978-7-111-67538-9:CNY139.00 |
| 本书探索基于Swift的AI和机器学习技术, 并讨论了AI驱动功能用在哪些场景下以及如何才有意义。书中使用了诸如基于Python的TuriCreate (来自苹果公司) 和Swift for TensorFlow (来自谷歌) 等工具。 |
| ● |
| 相关链接 |
|
|
|
正题名:Swift人工智能实战
索取号:TP18/J062
 
预约/预借
| 序号 | 登录号 | 条形码 | 馆藏地/架位号 | 状态 | 备注 |
| 1 | 1539844 | 215398442 | 自科库301/301自科库 101排9列2层/ [索取号:TP18/J062] | 在馆 |